000 00674nam a22001937a 4500
005 20100811115650.0
010 _aENG-99532
020 _a8190463324
_c135.00
035 _aEN-83064
037 _bDBAD/PUB
082 _a420
100 _aOjha, Ashutosh
_910699
245 _aHindi self taught :
_bthe scientific method of mastering hindi the easy way /
_cby Ashutosh Ojha
260 _aGurgaon
_bShri Gopesh Kumar Pratishthan
_c2008
270 _a1952/Sector-4
_bHaryana
_e122001
300 _avi,264p.
_c21cm (pbk)
942 _2ddc
_cEN
_h420
_mOJH
999 _c40902
_d40902